000 00447nam a2200169Ia 4500
005 20240604030956.0
008 240331s9999 xx 000 0 und d
020 _a9555800510
082 _bCON
_a954
245 0 _aConflict and violence in South Asia :
_bBangladesh, India, Pakistan and Sri Lanka
250 _a1 st
260 _aKandy
_bICES
_c2000
300 _aviii,436 p.,
650 _aConflicts
700 _aDeSilva, K.M, . ed
942 _cL
999 _c3504
_d3504